Global issues: (Record no. 138203)

MARC details
000 -LEADER
fixed length control field 00676nam a2200229Ia 4500
003 - CONTROL NUMBER IDENTIFIER
control field OSt
005 - DATE AND TIME OF LATEST TRANSACTION
control field 20251024145021.0
008 - FIXED-LENGTH DATA ELEMENTS--GENERAL INFORMATION
fixed length control field 220917b |||||||| |||| 00| 0 eng d
020 ## - INTERNATIONAL STANDARD BOOK NUMBER
International Standard Book Number 9781405154970 (pbk)
037 ## - SOURCE OF ACQUISITION
Terms of availability TB
040 ## - CATALOGING SOURCE
Original cataloging agency ARTS
Transcribing agency ARTS
Language of cataloging ENG
041 ## - LANGUAGE CODE
Source of code ENG
Language code of text/sound track or separate title ENG
084 ## - COLON CLASSIFICATION NUMBER
Classification number X:77.1 P8
Assigning agency CRL
100 ## - MAIN ENTRY--PERSONAL NAME
Personal name Seitz John L.
9 (RLIN) 34611
245 #0 - TITLE STATEMENT
Title Global issues:
Remainder of title An introduction
250 ## - EDITION STATEMENT
Edition statement 3rd
260 ## - PUBLICATION, DISTRIBUTION, ETC.
Place of publication, distribution, etc. Malden:
Name of publisher, distributor, etc. Blackwell Publishing U.S.A,
Date of publication, distribution, etc. 2008.
300 ## - PHYSICAL DESCRIPTION
Extent xvii, 308p.
Dimensions cm.
650 ## - SUBJECT ADDED ENTRY--TOPICAL TERM
Topical term or geographic name entry element ECONOMICS
9 (RLIN) 849478
942 ## - ADDED ENTRY ELEMENTS (KOHA)
Classification part X:77.1 P8
Koha item type Textbook
Source of classification or shelving scheme Colon Classification (CC)
Suppress in OPAC No
Holdings
Withdrawn status Lost status Source of classification or shelving scheme Damaged status Not for loan Home library Current library Date acquired Source of acquisition Cost, normal purchase price Total Checkouts Full call number Barcode Date last seen Cost, replacement price Price effective from Koha item type
    Colon Classification (CC)     Arts Library Arts Library 2022-09-18 3164, 12/12/2008, Bharat Scientific Syndicate 1953.15   X:77.1 P8 CL1448139 2022-09-18 1953.15 2022-09-18 Textbook
Copyright @ Delhi University Library System